00843nam a2200229 a 45000010005000000030010000050050017000150080041000320200015000730400025000880800016001131100042001292450062001712600072002333000019003054900056003245000043003805040025004236500054004486500059005028300052005611381BR-CuiBMT20231210041831.0231201s2008 dfb 000 0 por d a8586611255 aBR-CuiBMTcBR-CuiBMT a329.8220071 aBrasil.bTribunal Superior Eleitoral.10aFiliação partidária /cTribunal Superior Eleitoral. aBrasília :bTSE, Secretaria de Gestão da Informação,c2008. a76 p. ;c21 cm1 aJurisprudência do TSE. Temas selecionados ;vv. 2 a"Atualização até julho de 2007". aInclui bibliografia. aEleitoresxFiliaçãoxJurisprudênciazBrasil aTribunal Superior EleitoralxDireito eleitoralzBrasil 0aJurisprudência do TSE.pTemas selecionadosv2